Woman Development Through Micro Financing/ (Record no. 186891)
[ view plain ]
| 000 -LEADER | |
|---|---|
| fixed length control field | 00610nam a22001817a 4500 |
| 005 - DATE AND TIME OF LATEST TRANSACTION | |
| control field | 20220322143639.0 |
| 010 ## - LCCN (DPL NO) | |
| LC control number | ENG-132069 |
| 020 ## - INTERNATIONAL STANDARD BOOK NUMBER | |
| International Standard Book Number | 9789391657017 |
| Terms of availability | 795.00 |
| 035 ## - SYSTEM CONTROL NUMBER | |
| System control number | EN-115601 |
| 037 ## - SOURCE OF ACQUISITION | |
| Source of stock number/acquisition | DBAD |
| 082 ## - DEWEY DECIMAL CLASSIFICATION NUMBER | |
| Classification number | 332.10954 |
| 100 ## - MAIN ENTRY--PERSONAL NAME | |
| Personal name | Dhiman, Sanjay Kumar |
| 245 ## - TITLE STATEMENT | |
| Title | Woman Development Through Micro Financing/ |
| Statement of responsibility, etc | Sanjay Kumar Dhiman |
| 260 ## - PUBLICATION, DISTRIBUTION, ETC. (IMPRINT) | |
| Place of publication, distribution, etc | New Delhi |
| Name of publisher, distributor, etc | Aryan Publication |
| Date of publication, distribution, etc | 2021 |
| 270 ## - ADDRESS | |
| Address | 110,Gali no.4, Harphool Vihar,Bapraula |
| City | New Delhi |
| Postal code | 110043 |
| Electronic mail address | aryanpublication@gmail.com |
| 300 ## - PHYSICAL DESCRIPTION | |
| Extent | xxiv,216p |
| Other physical details | Index , Contents |
| Dimensions | 22cm(hbk) |
| 942 ## - ADDED ENTRY ELEMENTS (KOHA) | |
| Source of classification or shelving scheme | Dewey Decimal Classification |
| Item type | English Books |
| Classification part | 332.10954 |
| Call number suffix | DHI |
| Withdrawn status | Lost status | Not for loan | Collection code | Home library | Current library | Date acquired | Source of acquisition | Cost, normal purchase price | Full call number | Barcode | Copy number | Cost, replacement price | Koha item type |
|---|---|---|---|---|---|---|---|---|---|---|---|---|---|
| Non-fiction | Patel Nagar | Patel Nagar | 22/03/2022 | DBAD/PUB | 795.00 | 333.10954 DHI | EN-115601 | 1 | 795.00 | English Books |
